Tuning of automatic closed-loop control systems /
Saved in:
| 主要作者: | |
|---|---|
| 格式: | Thesis 圖書 |
| 語言: | English |
| 出版: |
1998.
|
| 主題: | |
| 標簽: |
添加標簽
沒有標簽, 成為第一個標記此記錄!
|
| LEADER | 00800cam a2200229 a 4500 | ||
|---|---|---|---|
| 001 | u481982 | ||
| 003 | SIRSI | ||
| 008 | 910820s1998 my t 00 10 eng m | ||
| 035 | |a ACP-3265 | ||
| 040 | |a UMJ | ||
| 097 | |a TK7 |b UM 1998 Lai | ||
| 100 | 1 | 0 | |a Lai, Lee Kong |
| 245 | 1 | 0 | |a Tuning of automatic closed-loop control systems / |c Lai Lee Kong. |
| 260 | 1 | |c 1998. | |
| 300 | |a xiv, 294 leaves : |b ill. ; |c 28 cm. | ||
| 502 | |a Dissertation (M.Eng.Sc.) -- Jabatan Kejuruteraan Elektrik, Fakulti Kejuruteraan, Universiti Malaya, 1998. | ||
| 504 | |a Bibliography: leaves 277-282. | ||
| 650 | 0 | |a Automatic control. | |
| 710 | 2 | 0 | |a Universiti Malaya. |b Jabatan Kejuruteraan Elektrik. |
| 948 | |a 21/05/2001 |b 25/02/2002 | ||
| 596 | |a 7 | ||
| 999 | |a TK7 UM 1998 LAI |w LC |c 1 |i A510323269 |l STACKS |m P07JURUTER |r Y |s Y |t TESIS |u 11/8/2001 | ||
